| 000 | 00338nam a2200145Ia 4500 | ||
|---|---|---|---|
| 100 | _aRogowski/A.R | ||
| 650 | _aAutomobiles | ||
| 942 | _cBK | ||
| 654 | _ainternal | ||
| 245 | _aElements of internal combustion engines | ||
| 260 |
_bTata Mc Graw hill _aNew Delhi _c1986 |
||
| 082 |
_a629.2503 _bROG |
||
| 300 | _a234 | ||
| 546 | _aENGLISH | ||
| 999 |
_c32579 _d32579 |
||